| 000 | 00806nam a2200205 a 4500 | ||
|---|---|---|---|
| 001 | BRCA_6073 | ||
| 005 | 20190320205325.0 | ||
| 008 | 170608s1994----mx-#---###---#000-0#spa-# | ||
| 050 | 4 |
_aTA479 _b.S26 1994 |
|
| 100 | 1 |
_aSantisteban Franco, Ana María _915346 |
|
| 245 | 1 | 0 | _aProtección contra el manchado en la atmósfera de metales no ferrosos. |
| 260 |
_aCiudad de México _c1994 |
||
| 300 | _a87 p. | ||
| 502 | _aTesis Licenciatura (Licenciada en Conservación y Restauración de Bienes Muebles) Escuela Nacional de Conservación, Restauración y Museografía ´Manuel del Castillo Negrete´ | ||
| 650 | 1 | 4 |
_aMetales _xAmbiente atmosférico _915347 |
| 650 | 1 | 4 |
_aMetales no ferrosos _xProtección de manchas _915348 |
| 700 | 1 |
_aTorres Montes, Luis _easesor _915349 |
|
| 902 | _aTES | ||
| 942 |
_2lcc _cTES |
||
| 999 |
_c5760 _d5760 |
||